000 00451nam a2200181 4500
001 44856
090 _a44856
100 _a20250926 pory50
101 _apor
102 _aPT
200 _aEspectáculo Bugs Bunny 2
_fWarner Bros Entertainment
210 _a[S.l.]
_cWarner Bros Entertainment
_d2006
215 _a1 DVD
225 _aEspectáculo Bugs Bunny 2
_v3
300 _aM/4 66 m.
675 _a087.5
801 _aPT
_gRPC
990 _cFILMES DVD